000 00992cam a22003257a 4500
003 CHAP
005 20220817042136.0
008 971013s1977 it r 00010 eng d
010 _a35947
011 _a36919
020 _a9251002797
035 _a41038
040 _cCHAP
082 _a631.7
_bF3y
110 2 _aFAO
245 1 0 _aCrop water requirements
_b: guidelines for predicting
260 _aRome :
_bFAO,
_c1977
300 _a144 p.
_b: láms. ; ilus.
490 0 _aRiego y drenaje
_v; 24
590 _aBATCH-UPD
_b10
_c20130110
_lUCH01
_h1407
590 _aCONVERSION
_b10
_c20130109
_lUCH01
_h1320
650 1 4 _aCultivos
_xAgua requerida.
_930224
700 0 _aDoorenbos, J.
_933986
700 0 _aPruitt, W. O.
_992539
830 0 _aRiego y drenaje
_v; 24
_997387
901 _aBK
942 _cLIBRO
949 _a631.7 F3y v.24
_bBC
_cFAO
_d-93942
_eFAO1
_gDonaciØn
_h16071
_i41038
_si
949 _a631.7 F3y v.24
_bBC
_cFAO
_d33724002312743
_eFAO2
_fc.2
_gDonaciØn
_h115934
_i41038
_sb
999 _c35947
_d35947